|
|
|
|
| LEADER |
00000nab a2200000 a 4500 |
| 001 |
vtls000816049 |
| 003 |
SK-MaSNL |
| 005 |
20260303172606.0 |
| 008 |
161006c2001 xo 0 slo |
| 015 |
|
|
|a SNBRA2002/11-37931
|
| 035 |
|
|
|a CLN000167704
|
| 040 |
|
|
|a SNKBUCL
|b slo
|c SNKBUCL
|e AACR2
|
| 041 |
0 |
|
|a slo
|
| 044 |
|
|
|a xo
|c SK
|
| 080 |
|
|
|a 72.011.6:635.053/.054:712.3
|2 1997
|
| 080 |
|
|
|a 635.053/.054
|2 1997
|
| 080 |
|
|
|a 712.3
|2 1997
|
| 100 |
1 |
|
|a Kuczman, Gabriel
|4 aut
|9 24091
|
| 245 |
1 |
0 |
|a Vhodnosť použitia popínavých drevín podľa spôsobu popínania
|c G. Kuczman, Z. Rózová
|
| 504 |
|
|
|a Bibliogr. odkazy
|
| 650 |
0 |
7 |
|a dreviny popínavé
|2 snkbucl
|9 900309
|
| 650 |
0 |
7 |
|a vertikálne záhrady
|2 snkbucl
|9 114078
|
| 650 |
0 |
7 |
|a zazeleňovanie
|x fasád
|2 snkbucl
|9 1198189
|
| 655 |
|
7 |
|a články zo zborníkov
|2 snkbucl
|9 166140
|
| 700 |
1 |
|
|a Rózová, Zdenka,
|d 1960-
|4 aut
|9 217990
|
| 773 |
0 |
|
|z 8071379174
|t Nekonvenčné prístupy k tvorbe slovenského vidieka
|d Nitra : Slovenská poľnohospodárska univerzita, 2001
|g S. 81-85
|
| 850 |
|
|
|a Slovenská národná knižnica v Martine
|
| 852 |
|
|
|a SNK
|b KIS3GCP
|
| 958 |
|
|
|a SK
|
| 958 |
|
|
|a NB
|
| 999 |
|
|
|c 2087343
|d 2089273
|